00267nam a2200097Ia 45000010005000000080041000050820021000461000033000672450048001002600021001481759241024s9999 xx 000 0 und d aRD/780.9/R426c/5 aRepública Dominicana. SEEC 0aCuadernos de arte No.5. Educación Musical bEd. Tallerc1997